Premier League: 75+ Assists (2000-) - Statistics

General Stats
  • This quiz has been taken 60 times
  • The average score is 8 of 10
Answer Stats
Ranking Player Positions Nationality Matches Goals (assists) Periods Clubs % Correct
1 Kevin De Bruyne MF, FW 288 72 (118) 2013-2014, 2015-2025
98%
9 Mohamed Salah MF, FW 301 186 (87) 2013-2014, 2017-2025
91%
4 Ryan Giggs MF, FW 382 55 (101) 2000-2014
87%
6 David Silva MF, FW 309 60 (93) 2010-2020
85%
5 Frank Lampard MF 491 160 (94) 2000-2015
81%
3 Wayne Rooney MF, FW 491 208 (102) 2002-2018
81%
8 Steven Gerrard MF 463 119 (89) 2000-2015
79%
2 Cesc Fàbregas MF, FW 350 50 (111) 2004-2010, 2014-2019
72%
10 Christian Eriksen MF, FW 310 55 (78) 2013-2019, 2021-2025
72%
7 James Milner DF, MF 638 55 (89) 2002-2025
66%
No matching quizzes found
Score Distribution
Percent of People with Each Score
Percentile by Number Answered
Your Score History
You have not taken this quiz